00991nam a22002657a 450000100060000000300060000600500170001200800410002902000180007004000290008805000190011708200150013610000170015124501070016825000430027526000370031830000540035549000170040950500080042652001320043452100200056652100200058665000840060670000350069010118FISKH20260421142842.0260421b cb ||||| |||| 00| 0 eng d a9780439260770 aFISKHbengcFISKHdFISKH a E78 .N78 .K36 a979.500497 aKamma , Anne aIf you lived with the Indians of the northwest coast / cby Anne Kamma : Illustrated by Pamela Johnson aFirst Scholastic printing , April 2002 aNew York : bScholastic ,c2002. a63 pages : bcolor illustrations ;c19 X 23 cm .  aIf you ..... aU  aDescribes the daily life of the Indians, their clothing, food, games, and customs before and after the coming of the white man.8 a840 bLexile 8 aU bRaz-Plus  aIndians of North America--Northwest Coast of North AmericavJuvenile literature aJohnson , PamelaeIllustrator